ERROR Konverze - Nevyplneno 245

Guardado en:
Detalles Bibliográficos
Formato: Seriadas
Publicado: 1986
Etiquetas: Agregar Etiqueta
Sin Etiquetas, Sea el primero en etiquetar este registro!

MARC

LEADER 00000nas a22000003a 4500
001 stu72222
005 20141121230556.7
008 011106s1986----------------------------d
040 |a STU  |b slo 
041 0
245 1 |a ERROR Konverze - Nevyplneno 245 
260 |c 1986 
500 |a 1986 
500 |a 12 
500 |a 1-12 
773 0 |w stu_us_cat*stu72221  |7 nnas 
996 |d Roč. 47, 1986  |v Roč. 47  |y 1986  |l II680  |s A  |a 24  |w stu72222_0008